The great peace : (Record no. 184512)
[ view plain ]
| 000 -LEADER | |
|---|---|
| fixed length control field | 00650 a2200205 4500 |
| 003 - CONTROL NUMBER IDENTIFIER | |
| control field | Nust |
| 005 - DATE AND TIME OF LATEST TRANSACTION | |
| control field | 20230306135613.0 |
| 010 ## - LIBRARY OF CONGRESS CONTROL NUMBER | |
| LC control number | 74028428 |
| 020 ## - INTERNATIONAL STANDARD BOOK NUMBER | |
| International Standard Book Number | 0306706946 |
| 040 ## - CATALOGING SOURCE | |
| Transcribing agency | Nust |
| 082 00 - DEWEY DECIMAL CLASSIFICATION NUMBER | |
| Classification number | 335.4 |
| 100 0# - MAIN ENTRY--PERSONAL NAME | |
| Personal name | Hutheesing, |
| 9 (RLIN) | 109889 |
| 245 14 - TITLE STATEMENT | |
| Title | The great peace : |
| Remainder of title | an Asian's candid report on Red China / |
| Statement of responsibility, etc. | by Raja Hutheesing. |
| 260 ## - PUBLICATION, DISTRIBUTION, ETC. | |
| Place of publication, distribution, etc. | New York : |
| Name of publisher, distributor, etc. | Da Capo Press, |
| Date of publication, distribution, etc. | 1975, c1953. |
| 300 ## - PHYSICAL DESCRIPTION | |
| Extent | 246 p. ; |
| Dimensions | 22 cm. |
| 490 0# - SERIES STATEMENT | |
| Series statement | China in the 20th century |
| 505 ## - FORMATTED CONTENTS NOTE | |
| Formatted contents note | Journey To The Walled City (Page-3), Produce Or Perish (Page-79), The Great Peace (Page-173). |
| 651 #0 - SUBJECT ADDED ENTRY--GEOGRAPHIC NAME | |
| Geographic name | China |
| General subdivision | History |
| Chronological subdivision | 1949-1976. |
| 9 (RLIN) | 109890 |
| 942 ## - ADDED ENTRY ELEMENTS (KOHA) | |
| Source of classification or shelving scheme | |
| Koha item type | Book |
| Withdrawn status | Lost status | Source of classification or shelving scheme | Damaged status | Not for loan | Permanent Location | Current Location | Shelving location | Date acquired | Full call number | Barcode | Date last seen | Price effective from | Koha item type | Public note |
|---|---|---|---|---|---|---|---|---|---|---|---|---|---|---|
| Military College of Signals (MCS) | Military College of Signals (MCS) | General Stacks | 12/12/2016 | 335.4,HUT | MCS29518 | 12/08/2016 | 12/12/2016 | Book | Almirah No.73, Shelf No.6 |
